Album of American history : (Record no. 9991)
[ view plain ]
| 000 -LEADER | |
|---|---|
| fixed length control field | 00956nac a22002771u 4500 |
| 010 ## - | |
| -- | 74091746 |
| 082 00 - DEWEY DECIMAL CLASSIFICATION NUMBER | |
| Classification number | 973.0222 |
| Item number | ALB |
| 090 ## - LOCALLY ASSIGNED LC-TYPE CALL NUMBER (OCLC); LOCAL CALL NUMBER (OCLC) | |
| -- | 9991 |
| -- | 9991 |
| 100 ## - MAIN ENTRY--PERSONAL NAME | |
| Personal name | 20080729 |
| 245 00 - TITLE STATEMENT | |
| Title | Album of American history : |
| Statement of responsibility, etc | James Truslow Adams, editor in chief. |
| 260 ## - | |
| -- | New York : |
| -- | Charles Scribner's Sons,1969. |
| -- | [1969- |
| 300 ## - PHYSICAL DESCRIPTION | |
| Extent | v. |
| Other physical details | illus. |
| Dimensions | 29 cm. |
| 336 ## - CONTENT TYPE | |
| Source | rdacontent |
| Content type term | text |
| Content type code | txt |
| 337 ## - MEDIA TYPE | |
| Media type term | unmediated |
| Source | rdamedia |
| Media type code | n |
| 338 ## - CARRIER TYPE | |
| Carrier type term | volume |
| Carrier type code | nc |
| Source | rdacarrier |
| 500 ## - GENERAL NOTE | |
| General note | Donations - AUC. |
| 500 ## - GENERAL NOTE | |
| General note | Donations. |
| 505 1# - FORMATTED CONTENTS NOTE | |
| Formatted contents note | Issues: V. 1. Colonial period,2. 1783-1853,3. 1853-1893,4. 1893-1917 (1969). |
| 505 1# - FORMATTED CONTENTS NOTE | |
| Formatted contents note | Issues: V. 5 17-1953 (1960). |
| 511 ## - | |
| -- | Catalogued by: Sara. |
| 650 ## - SUBJECT ADDED ENTRY--TOPICAL TERM | |
| General subdivision | History |
| Geographic subdivision | United States |
| 651 #0 - SUBJECT ADDED ENTRY--GEOGRAPHIC NAME | |
| Geographic name | United States |
| General subdivision | History |
| -- | Pictorial works. |
| 700 1# - ADDED ENTRY--PERSONAL NAME | |
| Personal name | Adams, James Truslow, |
| Dates associated with a name | 1878-1949, |
| 700 1# - ADDED ENTRY--PERSONAL NAME | |
| Personal name | Hopkins, Joseph G. E., |
| 942 ## - ADDED ENTRY ELEMENTS (KOHA) | |
| Koha item type | NB - Book (Non borrowing) |
| Call number prefix | 973.0222ALB |
| Classification part | RDA-MOD |
| Withdrawn status | Lost status | Damaged status | Not for loan | Home library | Current library | Shelving location | Date acquired | Source of acquisition | Total Checkouts | Full call number | Barcode | Date last seen | Price effective from | Koha item type |
|---|---|---|---|---|---|---|---|---|---|---|---|---|---|---|
| Central Library | Central Library | Second Floor | 17/07/2008 | Purchase | 973.0222ALB | 000013096 | 24/08/2022 | 17/07/2008 | NB - Book (Non borrowing) | |||||
| Central Library | Central Library | Second Floor | 17/07/2008 | Purchase | 973.0222ALB | 000013097 | 24/08/2022 | 17/07/2008 | NB - Book (Non borrowing) | |||||
| Central Library | Central Library | Second Floor | 17/07/2008 | Purchase | 973.0222ALB | 000013098 | 24/08/2022 | 17/07/2008 | NB - Book (Non borrowing) | |||||
| Central Library | Central Library | Second Floor | 17/07/2008 | Purchase | 973.0222ALB | 000013099 | 24/08/2022 | 17/07/2008 | NB - Book (Non borrowing) | |||||
| Central Library | Central Library | Second Floor | 17/07/2008 | Purchase | 973.0222ALB | 000013104 | 24/08/2022 | 17/07/2008 | NB - Book (Non borrowing) | |||||
| Central Library | Central Library | Second Floor | 17/07/2008 | Purchase | 973.0222ALB | 000013105 | 24/08/2022 | 17/07/2008 | NB - Book (Non borrowing) |